[Event "AUT-ch Seniors 65"]
[Site "Vienna"]
[Date "2023.05.19"]
[Round "5"]
[White "Salomons, Lorenzo"]
[Black "Grafenauer, Horst"]
[Result "0-1"]
[WhiteElo "1828"]
[BlackElo "1827"]
[PlyCount "54"]
[EventDate "2023.05.15"]
[EventType "swiss"]
[EventRounds "7"]
[EventCountry "AUT"]
[SourceTitle "CBM 214 Extra"]
[Source "ChessBase"]
[SourceDate "2023.07.31"]
[SourceVersion "1"]
[SourceVersionDate "2023.07.31"]
[SourceQuality "1"]

1. d4 d5 2. e3 Nf6 3. Bd3 e6 4. Nd2 c5 5. c3 Nc6 6. f4 Bd6 7. Ngf3 0-0 8. Ne5 Ne8 9. e4 cxd4 10. Nxc6 bxc6 11. e5 dxc3 12. Nf3 cxb2 13. Bxh7+ Kxh7 14. Bxb2 Bb4+ 15. Kf2 g6 16. h4 Bc5+ 17. Kg3 Ng7 18. Ng5+ Kg8 19. h5 Be7 20. hxg6 Nf5+ 21. Kf3 Bxg5 22. fxg5 fxg6 23. Bc1 Qa5 24. Qd3 Ba6 25. Bd2 Bxd3 26. Bxa5 Kg7 27. Rh3 Rh8 0-1

[Event "AUT-ch Seniors 65"]
[Site "Vienna"]
[Date "2023.05.17"]
[Round "3"]
[White "Kunschek, Horst"]
[Black "Grafenauer, Horst"]
[Result "1/2-1/2"]
[WhiteElo "1658"]
[BlackElo "1827"]
[PlyCount "166"]
[EventDate "2023.05.15"]
[EventType "swiss"]
[EventRounds "7"]
[EventCountry "AUT"]
[SourceTitle "CBM 214 Extra"]
[Source "ChessBase"]
[SourceDate "2023.07.31"]
[SourceVersion "1"]
[SourceVersionDate "2023.07.31"]
[SourceQuality "1"]

1. e4 c5 2. Nf3 a6 3. d4 cxd4 4. Nxd4 Nf6 5. Bd3 e5 6. Nf3 Nc6 7. 0-0 Bc5 8. c4 d6 9. h3 0-0 10. Nc3 h6 11. Qe2 Nd4 12. Qd1 Bd7 13. Be3 Qb6 14. Rb1 Rac8 15. b4 Nxf3+ 16. Qxf3 Bxe3 17. fxe3 Nh7 18. Kh2 Ng5 19. Qe2 Qd8 20. Nd5 Be6 21. Nc3 b5 22. Nd5 Bxd5 23. cxd5 Qb6 24. Rbc1 Nh7 25. Qg4 Rxc1 26. Rxc1 Qxe3 27. Qd1 Nf6 28. Rc6 Rd8 29. Qc2 Nh5 30. Rc8 Qg3+ 31. Kg1 Rxc8 32. Qxc8+ Kh7 33. Qf5+ Qg6 34. Qxg6+ Kxg6 35. Kf2 Nf6 36. Ke3 Ne8 37. Be2 h5 38. Bd1 Kg5 39. Kf3 Nc7 40. a4 bxa4 41. Bxa4 Nb5 42. Ke3 g6 43. Kd3 Kf4 44. Bd1 f5 45. exf5 gxf5 46. Bxh5 Kg3 47. Bg6 f4 48. Be4 Nd4 49. Kc4 f3 50. gxf3 Nxf3 51. Bf5 Nd4 52. Bc8 Nf3 53. Kd3 Ne1+ 54. Kd2 Nf3+ 55. Ke3 Nd4 56. Kd2 e4 57. Bxa6 Kf2 58. Kc3 Ne2+ 59. Kb2 Nf4 60. b5 Nxd5 61. Bc8 e3 62. Bg4 Kg3 63. Kc2 Nb6 64. Kd3 Kf4 65. Kd4 Nd7 66. Be2 Kg3 67. Kxe3 Kxh3 68. Kf4 Nb6 69. Kf5 Kg3 70. Ke6 Kf2 71. Bh5 d5 72. Kd6 Ke3 73. Kc5 Na4+ 74. Kb4 Nb6 75. Bd1 Kd4 76. Bb3 Nd7 77. Bd1 Nb6 78. Bg4 Nc4 79. Be2 Nb6 80. Bg4 Nc4 81. Be6 Nb6 82. Ka5 Kc5 83. Bxd5 Nxd5 1/2-1/2